000 00641nam a2200181 4500
999 _c13821
_d13821
020 _a9789710097753
082 _aFil. 222.3095 M3337e 2019
100 _aMacaraeg, Lauren V.
245 _aEsther and the extraordinary deliverer /
_cretold by Lauren V. Macaraeg ; illustrated by Abi Goy
260 _aMetro Manila
_bOMF Literature Inc.
_cc2019
300 _a31 pages :
_bchiefly colored illustrations ;
_c22.5 x 17 cm
490 _aWow god!
526 _a200-299
_d220
650 _aBible stories, English -- Old Testament
650 _aChildren's stories, Philippine (English)
650 _aChildren's stories, Tagalog
942 _2ddc
_cBK